MARC details
| 000 -LEADER |
| campo de control de longitud fija |
01456cam a2200409Mi 4500 |
| 001 - NÚMERO DE CONTROL |
| campo de control |
72904 |
| 005 - FECHA Y HORA DE LA ÚLTIMA TRANSACCIÓN |
| campo de control |
20230410103903.0 |
| 008 - DATOS DE LONGITUD FIJA--INFORMACIÓN GENERAL |
| campo de control de longitud fija |
010209s2000 sp b 000 0 spa d |
| 035 ## - NÚMERO DE CONTROL DEL SISTEMA |
| Número de control de sistema |
(OCoLC)ocm45914997 |
| 040 ## - FUENTE DE CATALOGACIÓN |
| Centro catalogador/agencia de origen |
PL# |
| Lengua de catalogación |
spa |
| Centro/agencia transcriptor |
PL# |
| Centro/agencia modificador |
OCLCQ |
| -- |
BNM |
| 020 ## - NÚMERO INTERNACIONAL ESTÁNDAR DEL LIBRO |
| Número Internacional Estándar del Libro |
8432310573 |
| 020 ## - NÚMERO INTERNACIONAL ESTÁNDAR DEL LIBRO |
| Número Internacional Estándar del Libro |
9788432310577 |
| 029 0# - OTRO NÚMERO DE CONTROL DE SISTEMA (OCLC) |
| Identificador de la biblioteca OCLC |
PL# |
| Número de control de sistema |
8432310573 |
| 035 ## - NÚMERO DE CONTROL DEL SISTEMA |
| Número de control de sistema |
(OCoLC)45914997 |
| 049 ## - FONDOS LOCALES (OCLC) |
| Biblioteca depositaria |
GRAL |
| 050 14 - SIGNATURA TOPOGRÁFICA DE LA BIBLIOTECA DEL CONGRESO |
| Número de clasificación |
416 DS 135 |
| Número de ítem |
K18j 2000 |
| 100 1# - ENTRADA PRINCIPAL--NOMBRE DE PERSONA |
| Nombre de persona |
Karady, Victor. |
| 245 14 - MENCIÓN DEL TÍTULO |
| Título |
Los judíos en la modernidad europea : |
| Resto del título |
experiencia de la violencia y utopía / |
| Mención de responsabilidad, etc. |
Victor Karady ; prólogo de Juan Pablo Fusi ; [traducción, Carlos Martin Ramirez]. |
| 250 ## - MENCION DE EDICION |
| Mención de edición |
1. ed. |
| 260 ## - PUBLICACIÓN, DISTRIBUCIÓN, ETC. |
| Lugar de publicación, distribución, etc. |
[Madrid] : |
| Nombre del editor, distribuidor, etc. |
Siglo XXI de España Editores, |
| Fecha de publicación, distribución, etc. |
2000. |
| 300 ## - DESCRIPCIÓN FÍSICA |
| Extensión |
xviii, 316 p. ; |
| Dimensiones |
19 cm. |
| 440 #0 - MENCIÓN DE SERIE/PUNTO DE ACCESO ADICIONAL--TÍTULO |
| Título |
Historia de Europa |
| 500 ## - NOTA GENERAL |
| Nota general |
Indice . -- Tit. original en aleman: Gewalterfahrung und utopie : juden inder europèaischen Moderne. |
| 504 ## - NOTA DE BIBLIOGRAFÍA, ETC. |
| Nota de bibliografía, etc. |
Bibliografia: p. 289-292. |
| 650 #0 - PUNTO DE ACCESO ADICIONAL DE MATERIA--TÉRMINO DE MATERIA |
| Término de materia o nombre geográfico como elemento de entrada |
Jews |
| Subdivisión geográfica |
Europe |
| Subdivisión general |
History |
| Subdivisión cronológica |
1789-1945. |
| 650 #7 - PUNTO DE ACCESO ADICIONAL DE MATERIA--TÉRMINO DE MATERIA |
| Término de materia o nombre geográfico como elemento de entrada |
Judíos |
| Subdivisión geográfica |
Europa |
| Subdivisión cronológica |
S.XIX. |
| Fuente del encabezamiento o término |
embne |
| 650 #7 - PUNTO DE ACCESO ADICIONAL DE MATERIA--TÉRMINO DE MATERIA |
| Término de materia o nombre geográfico como elemento de entrada |
Judíos |
| Subdivisión geográfica |
Europa |
| Subdivisión cronológica |
S.XX. |
| Fuente del encabezamiento o término |
embne |
| 653 ## - TÉRMINO DE INDIZACIÓN--NO CONTROLADO |
| Término no controlado |
Judios |
| -- |
Historia |
| -- |
Siglo XX |
| -- |
Asectos sociales. |
| 650 #7 - PUNTO DE ACCESO ADICIONAL DE MATERIA--TÉRMINO DE MATERIA |
| Término de materia o nombre geográfico como elemento de entrada |
Judios |
| Subdivisión geográfica |
Europa |
| Subdivisión cronológica |
S.XIX. |
| Fuente del encabezamiento o término |
embne |
| 650 #7 - PUNTO DE ACCESO ADICIONAL DE MATERIA--TÉRMINO DE MATERIA |
| Término de materia o nombre geográfico como elemento de entrada |
Judios |
| Subdivisión geográfica |
Europa |
| Subdivisión cronológica |
S.XX. |
| Fuente del encabezamiento o término |
embne |
| 700 1# - ENTRADA AGREGADA--NOMBRE PERSONAL |
| Nombre de persona |
Fusi, Juan Pablo, |
| Término indicativo de función/relación |
prol. |
| 700 1# - ENTRADA AGREGADA--NOMBRE PERSONAL |
| Nombre de persona |
Martin Ramirez, Carlos, |
| Término indicativo de función/relación |
tr. |
| 938 ## - |
| -- |
Puvill Libros |
| -- |
PUVL |
| -- |
8432310573 |
| -- |
$12.23 |
| 942 ## - ELEMENTOS DE ENTRADA SECUNDARIOS (KOHA) |
| Fuente del sistema de clasificación o colocación |
Clasificación de Library of Congress |
| Tipo de ítem Koha |
|
| 994 ## - |
| -- |
C0 |
| -- |
DRFGD |
| 946 ## - PROCESAMIENTO DE INFORMACIÓN LOCAL (OCLC) |
| a |
kk |